[Event "Blankenese op 1st"]
[Site "Hamburg"]
[Date "2017.10.03"]
[Round "4.35"]
[White "Junker, Stefan"]
[Black "Spreer, Lutz"]
[Result "0-1"]
[WhiteElo "1807"]
[BlackElo "1556"]
[PlyCount "56"]
[EventDate "2017.09.30"]
[EventType "swiss"]
[EventRounds "7"]
[EventCountry "GER"]
[SourceTitle "EXT 2020"]
[Source "ChessBase"]
[SourceDate "2019.10.17"]
[SourceVersion "1"]
[SourceVersionDate "2019.10.17"]
[SourceQuality "1"]

1. Nf3 Nc6 2. d4 d5 3. g3 Bf5 4. Bg2 Nf6 5. 0-0 e6 6. a3 Bd6 7. c4 dxc4 8. Qa4 Qd7 9. Qxc4 Ne4 10. b4 h5 11. h4 0-0-0 12. Nc3 a6 13. Nxe4 Bxe4 14. e3 Rhg8 15. Ng5 Bxg2 16. Kxg2 Rde8 17. Bb2 f6 18. Ne4 e5 19. Rfd1 exd4 20. Nxd6+ Qxd6 21. Bxd4 g5 22. Rac1 gxh4 23. Bc5 Qe5 24. Qxh4 Rg4 25. Qh3 Kb8 26. f3 Qb2+ 27. Kf1 Rg5 28. e4 Qxa3 0-1

[Event "Blankenese op 1st"]
[Site "Hamburg"]
[Date "2017.10.01"]
[Round "3.16"]
[White "Wobbe, Sven"]
[Black "Junker, Stefan"]
[Result "1-0"]
[WhiteElo "2055"]
[BlackElo "1844"]
[PlyCount "35"]
[EventDate "2017.09.30"]
[EventType "swiss"]
[EventRounds "7"]
[EventCountry "GER"]
[SourceTitle "EXT 2020"]
[Source "ChessBase"]
[SourceDate "2019.10.17"]
[SourceVersion "1"]
[SourceVersionDate "2019.10.17"]
[SourceQuality "1"]

1. e4 d6 2. d4 Nf6 3. Nc3 g6 4. Nf3 Bg7 5. Be2 0-0 6. 0-0 c6 7. h3 Qc7 8. Bf4 Nh5 9. Bg5 e5 10. Qd2 Re8 11. Rad1 Bf8 12. g4 Ng7 13. dxe5 Qd7 14. exd6 Ne6 15. Bf6 b5 16. Ne5 Qb7 17. d7 Nxd7 18. Nxd7 1-0

[Event "Hamburg CC Easter op 3rd"]
[Site "Hamburg"]
[Date "2017.04.14"]
[Round "2"]
[White "Junker, Stefan"]
[Black "Klaas, Heiko"]
[Result "1-0"]
[WhiteElo "1827"]
[BlackElo "1573"]
[PlyCount "119"]
[EventDate "2017.04.14"]
[EventType "swiss"]
[EventRounds "7"]
[EventCountry "GER"]
[SourceTitle "EXT 2020"]
[Source "ChessBase"]
[SourceDate "2019.10.17"]
[SourceVersion "1"]
[SourceVersionDate "2019.10.17"]
[SourceQuality "1"]

1. Nf3 Nf6 2. g3 g6 3. Bg2 Bg7 4. c4 0-0 5. d4 d6 6. 0-0 Nbd7 7. Nc3 c5 8. b3 cxd4 9. Nxd4 Nc5 10. Bb2 Ng4 11. h3 Ne5 12. Kh2 Qd7 13. Qc2 Ng4+ 14. hxg4 Bxd4 15. e3 Bg7 16. f3 f5 17. g5 h6 18. gxh6 Bxh6 19. f4 e6 20. Rad1 Qe7 21. b4 Na6 22. a3 Nc7 23. Rh1 Rd8 24. Kg1 Bg7 25. Kf2 Ne8 26. Rh3 a6 27. Rdh1 Rb8 28. Ne2 Nf6 29. Bf3 b5 30. cxb5 axb5 31. Nd4 Bd7 32. Qb3 Rdc8 33. Ke2 Rc4 34. Rc1 Rbc8 35. Rxc4 bxc4 36. Qc2 e5 37. Bb7 exd4 38. Bxd4 Rc7 39. Ba6 d5 40. b5 Bc8 41. b6 Rc6 42. Bxc8 Rxc8 43. Qb2 Rb8 44. a4 Ne8 45. a5 Nd6 46. a6 Nc8 47. b7 Qf8 48. Rh1 Nd6 49. Bxg7 Qxg7 50. Qxg7+ Kxg7 51. a7 Rxb7 52. a8Q Rb2+ 53. Kf3 c3 54. Qxd5 Ne4 55. Qe5+ Kg8 56. Rh8+ Kf7 57. Qe8+ Kf6 58. Qe5+ Kf7 59. Rh7+ Kf8 60. Qh8# 1-0

[Event "Goch op 27th"]
[Site "Goch"]
[Date "2016.09.02"]
[Round "3"]
[White "Junker, Stefan"]
[Black "Ydo, Pim"]
[Result "0-1"]
[WhiteElo "1834"]
[BlackElo "1976"]
[PlyCount "63"]
[EventDate "2016.09.01"]
[EventType "swiss"]
[EventRounds "7"]
[EventCountry "GER"]
[SourceTitle "EXT 2018"]
[Source "ChessBase"]
[SourceDate "2017.10.13"]
[SourceVersion "1"]
[SourceVersionDate "2017.10.13"]
[SourceQuality "1"]

1. Nf3 d5 2. g3 Nf6 3. Bg2 g6 4. 0-0 Bg7 5. c4 c6 6. d4 0-0 7. Nc3 Nbd7 8. b3 Ne4 9. Nxe4 dxe4 10. Ng5 c5 11. Bb2 cxd4 12. Nxe4 f5 13. Ng5 Nb6 14. c5 e5 15. Nf3 Nd5 16. a3 Be6 17. b4 Qe7 18. Qd2 h6 19. Rac1 Rac8 20. Rc2 Qd7 21. e3 d3 22. Rcc1 e4 23. Bxg7 Qxg7 24. Nd4 Nc7 25. b5 Bd5 26. f3 Qe7 27. fxe4 fxe4 28. Rxf8+ Rxf8 29. Bh3 Ne6 30. Bxe6+ Bxe6 31. a4 Bh3 32. Qa2+ 0-1

[Event "Goch op 26th"]
[Site "Goch"]
[Date "2015.09.06"]
[Round "6"]
[White "Wolff, Michael"]
[Black "Junker, Stefan"]
[Result "1/2-1/2"]
[WhiteElo "1970"]
[BlackElo "1832"]
[PlyCount "128"]
[EventDate "2015.09.03"]
[EventType "swiss"]
[EventRounds "7"]
[EventCountry "GER"]
[SourceTitle "EXT 2018"]
[Source "ChessBase"]
[SourceDate "2017.10.13"]
[SourceVersion "1"]
[SourceVersionDate "2017.10.13"]
[SourceQuality "1"]

1. e4 d6 2. d4 Nf6 3. Nc3 g6 4. h4 h5 5. Bg5 Bg7 6. Qd2 Nc6 7. Nge2 a6 8. g3 Rb8 9. a4 Bd7 10. Bg2 Qc8 11. a5 e5 12. d5 Ne7 13. Nd1 Neg8 14. c4 Bh6 15. Bxh6 Nxh6 16. Qc1 b6 17. axb6 cxb6 18. b4 Ra8 19. Qc3 0-0 20. Qe3 Nhg4 21. Qxb6 Qxc4 22. Rc1 Qd3 23. Rc3 Qb1 24. 0-0 Rfb8 25. Qxd6 Qxb4 26. Qxb4 Rxb4 27. f3 Nh6 28. Ne3 Bb5 29. Kf2 a5 30. Rfc1 Ra6 31. Bf1 a4 32. Nc2 Rb2 33. Na3 Rb6 34. Nxb5 R6xb5 35. Rc8+ Kg7 36. Ra8 Ra2 37. Rc4 a3 38. Rca4 Rb3 39. d6 Rd3 40. R8a5 Kf8 41. Ra8+ Kg7 42. R8a5 Ra1 43. Rc4 Rxd6 44. Rc1 Ra2 45. Rc3 Rb6 46. Rcxa3 Rxa3 47. Rxa3 Rb2 48. Ra5 Kf8 49. Bh3 Kg7 50. Rxe5 Rb7 51. Ra5 Ne8 52. Rd5 Nf6 53. Rd3 Rb5 54. Re3 Nhg8 55. Nf4 Ne7 56. e5 Nfd5 57. Nxd5 Nxd5 58. Re2 Nc3 59. Re1 Rb2+ 60. Ke3 Ra2 61. Kd3 Nd5 62. Ke4 Nc3+ 63. Kd3 Nd5 64. Kc4 Nc7 1/2-1/2

[Event "Blankenburg op-A 19th"]
[Site "Blankenburg"]
[Date "2014.10.04"]
[Round "5"]
[White "Herdzik, Mathias"]
[Black "Junker, Stefan"]
[Result "1-0"]
[WhiteElo "1843"]
[BlackElo "1825"]
[PlyCount "59"]
[EventDate "2014.10.02"]
[EventType "swiss"]
[EventRounds "7"]
[EventCountry "GER"]
[SourceTitle "EXT 2023"]
[Source "ChessBase"]
[SourceDate "2022.10.05"]
[SourceVersion "1"]
[SourceVersionDate "2022.10.05"]
[SourceQuality "1"]

1. e4 d6 2. d4 Nf6 3. Nc3 g6 4. f4 Bg7 5. Nf3 0-0 6. Bc4 c6 7. e5 dxe5 8. fxe5 Nd5 9. 0-0 Bg4 10. h3 Nxc3 11. bxc3 Bxf3 12. Qxf3 e6 13. Ba3 Nd7 14. Rab1 Nb6 15. Bxf8 Qxf8 16. Bb3 Qe7 17. Rbe1 a5 18. a4 Rf8 19. Re4 Nd7 20. Qe2 Nb6 21. c4 c5 22. d5 exd5 23. cxd5 c4 24. d6 Qe6 25. Bxc4 Nxc4 26. Qxc4 Qxc4 27. Rxc4 Bxe5 28. d7 Rd8 29. Rc8 Bd4+ 30. Kh1 1-0

[Event "Blankenburg op-A 19th"]
[Site "Blankenburg"]
[Date "2014.10.03"]
[Round "3"]
[White "Ditze, Thomas"]
[Black "Junker, Stefan"]
[Result "1/2-1/2"]
[WhiteElo "1919"]
[BlackElo "1825"]
[PlyCount "54"]
[EventDate "2014.10.02"]
[EventType "swiss"]
[EventRounds "7"]
[EventCountry "GER"]
[SourceTitle "EXT 2023"]
[Source "ChessBase"]
[SourceDate "2022.10.05"]
[SourceVersion "1"]
[SourceVersionDate "2022.10.05"]
[SourceQuality "1"]

1. d4 Nf6 2. Nf3 g6 3. c4 Bg7 4. Nc3 0-0 5. e4 d6 6. Be2 c5 7. d5 e6 8. 0-0 exd5 9. exd5 Bf5 10. Bf4 Ne4 11. Nxe4 Bxe4 12. Bd3 Qf6 13. Bg5 Bxf3 14. Bxf6 Bxd1 15. Bxg7 Kxg7 16. Raxd1 Re8 17. Rde1 Nd7 18. f4 Nf6 19. Bc2 Rxe1 20. Rxe1 Re8 21. Rxe8 Nxe8 22. Kf2 f5 23. Bd1 Nf6 24. Bf3 Kf7 25. Ke3 Ke7 26. h3 h5 27. g3 Kf7 1/2-1/2

[Event "Blankenburg op-A 19th"]
[Site "Blankenburg"]
[Date "2014.10.02"]
[Round "2"]
[White "Junker, Stefan"]
[Black "Kasper, Mike"]
[Result "1/2-1/2"]
[WhiteElo "1825"]
[BlackElo "1894"]
[PlyCount "80"]
[EventDate "2014.10.02"]
[EventType "swiss"]
[EventRounds "7"]
[EventCountry "GER"]
[SourceTitle "EXT 2023"]
[Source "ChessBase"]
[SourceDate "2022.10.05"]
[SourceVersion "1"]
[SourceVersionDate "2022.10.05"]
[SourceQuality "1"]

1. Nf3 d5 2. g3 c5 3. Bg2 Nc6 4. d4 Bf5 5. 0-0 e6 6. c3 Nf6 7. Nbd2 Qc7 8. Nh4 Bg6 9. dxc5 Bxc5 10. Nxg6 hxg6 11. e4 Rd8 12. Qa4 a5 13. exd5 Nxd5 14. Ne4 Be7 15. Qb5 Rh5 16. Qe2 Ne5 17. f4 Nd7 18. c4 N5f6 19. Ng5 Nc5 20. Be3 Kf8 21. Rad1 Rxd1 22. Rxd1 Ne8 23. Bf3 Rh8 24. Kg2 Nd6 25. b3 Nf5 26. Bf2 b6 27. Ne4 Kg8 28. Nc3 Kh7 29. Nb5 Qb8 30. Nd4 Nxd4 31. Bxd4 Qc7 32. Be5 Qc8 33. Qb2 Rd8 34. Rxd8 Qxd8 35. Qd4 Nd3 36. Qxd8 Bxd8 37. Bc3 Nc1 38. Be4 Nxa2 39. Bd2 Bc7 40. Kf3 Kg8 1/2-1/2

[Event "Nuremberg Zabo op 16th"]
[Site "Nuremberg"]
[Date "2014.09.20"]
[Round "3"]
[White "Junker, Stefan"]
[Black "Oram, Thomas"]
[Result "1-0"]
[WhiteElo "1750"]
[BlackElo "1505"]
[PlyCount "59"]
[EventDate "2014.09.19"]
[EventType "swiss"]
[EventRounds "5"]
[EventCountry "GER"]
[SourceTitle "EXT 2018"]
[Source "ChessBase"]
[SourceDate "2017.10.13"]
[SourceVersion "1"]
[SourceVersionDate "2017.10.13"]
[SourceQuality "1"]

1. Nf3 Nf6 2. g3 g6 3. Bg2 Bg7 4. 0-0 0-0 5. c4 d6 6. d4 Nc6 7. Nc3 e5 8. d5 Ne7 9. e4 Bg4 10. h3 Bd7 11. b4 Qc8 12. Kh2 c6 13. Qb3 Ne8 14. Bb2 f5 15. Rac1 Nf6 16. dxc6 bxc6 17. Rcd1 fxe4 18. Ng5 d5 19. cxd5 cxd5 20. Ngxe4 Nxe4 21. Nxe4 Kh8 22. Nc5 Bb5 23. Rfe1 Rxf2 24. Bxe5 Qf8 25. Ne6 Qf7 26. Bxg7+ Kg8 27. Bd4 Bc4 28. Qe3 Rxa2 29. Qe5 Qf3 30. Qg7# 1-0

[Event "Hofheim Spring op-B 2nd"]
[Site "Hofheim"]
[Date "2014.04.26"]
[Round "8"]
[White "Weber, Andreas"]
[Black "Junker, Stefan"]
[Result "1-0"]
[WhiteElo "1846"]
[BlackElo "1800"]
[PlyCount "37"]
[EventDate "2014.04.22"]
[EventType "swiss"]
[EventRounds "9"]
[EventCountry "GER"]
[SourceTitle "CBM 160 Extra"]
[Source "ChessBase"]
[SourceDate "2014.07.01"]
[SourceVersion "1"]
[SourceVersionDate "2014.07.01"]
[SourceQuality "1"]

1. e4 d6 2. d4 Nf6 3. Nc3 g6 4. f4 Bg7 5. Nf3 0-0 6. e5 dxe5 7. fxe5 Nd5 8. Bc4 c6 9. 0-0 Bg4 10. h3 Nxc3 11. bxc3 Bxf3 12. Qxf3 e6 13. Ba3 Nd7 14. Bxf8 Qxf8 15. Qe4 Qe7 16. Rf3 a5 17. Raf1 Rf8 18. Qg4 b5 19. Rxf7 1-0

[Event "Solingen Karneval op"]
[Site "Solingen"]
[Date "2011.03.05"]
[Round "3"]
[White "Hollender, Christoph"]
[Black "Junker, Stefan"]
[Result "1-0"]
[WhiteElo "1832"]
[BlackElo "1831"]
[PlyCount "55"]
[EventDate "2011.03.04"]
[EventType "swiss"]
[EventRounds "5"]
[EventCountry "GER"]
[SourceTitle "EXT 2015"]
[Source "ChessBase"]
[SourceDate "2014.11.20"]
[SourceVersion "1"]
[SourceVersionDate "2014.11.20"]
[SourceQuality "1"]

1. d4 c6 2. c4 d5 3. e3 Nf6 4. Nc3 e6 5. Nf3 Bd6 6. Bd3 0-0 7. 0-0 Nbd7 8. cxd5 exd5 9. e4 dxe4 10. Nxe4 Nxe4 11. Bxe4 Nf6 12. Bg5 h6 13. Bxf6 Qxf6 14. Qd3 Bg4 15. Rae1 Rad8 16. Qc3 Qf4 17. g3 Qf6 18. Ne5 Be6 19. a3 Qe7 20. Re3 Qc7 21. Nf3 Be7 22. Rfe1 Bf6 23. Bb1 Qb6 24. Qc2 g6 25. Rxe6 fxe6 26. Qxg6+ Bg7 27. Qh7+ Kf7 28. Ne5+ 1-0

[Event "Lippe Cup-B 07th"]
[Site "Lieme"]
[Date "2010.10.17"]
[Round "4"]
[White "Junker, Stefan"]
[Black "Gelashvili, Vakhtang"]
[Result "0-1"]
[WhiteElo "1687"]
[BlackElo "1751"]
[PlyCount "132"]
[EventDate "2010.10.15"]
[EventType "swiss"]
[EventRounds "5"]
[EventCountry "GER"]
[SourceTitle "EXT 2012"]
[Source "ChessBase"]
[SourceDate "2011.11.24"]
[SourceVersion "1"]
[SourceVersionDate "2011.11.24"]
[SourceQuality "1"]

1. e4 d6 2. d4 g6 3. f4 Bg7 4. c3 Nf6 5. Bd3 0-0 6. Nf3 Bg4 7. h3 Bd7 8. 0-0 e6 9. Be3 Nc6 10. Qc2 a6 11. a3 Ne7 12. Nbd2 b5 13. c4 c6 14. b4 Ne8 15. Nb3 Nc7 16. Rac1 Rc8 17. Na5 Rb8 18. Qf2 Ne8 19. Rc2 d5 20. cxd5 cxd5 21. e5 Nc8 22. Rfc1 Nb6 23. Nc6 Bxc6 24. Rxc6 Ra8 25. R6c3 Nc4 26. Nd2 Nc7 27. Ra1 Rb8 28. Nb3 Na8 29. Nc5 Qc8 30. Bc1 Nab6 31. a4 Re8 32. axb5 axb5 33. Rc2 Ra8 34. Rca2 Rxa2 35. Qxa2 Bf8 36. Qa6 Qxa6 37. Rxa6 Ra8 38. Kf2 Rxa6 39. Nxa6 Na8 40. Ke2 Be7 41. g3 Kf8 42. Kf3 Ke8 43. g4 Kd7 44. f5 Nc7 45. Nb8+ Ke8 46. Nc6 Na6 47. fxg6 fxg6 48. Bxc4 dxc4 49. Nxe7 Kxe7 50. Bd2 Nc7 51. Bc1 Nd5 52. Ke2 Kd7 53. Ba3 Nf4+ 54. Kf3 Nd3 55. g5 Kc6 56. h4 Kd5 57. Ke3 Kc6 58. Ke4 Ne1 59. Bb2 Ng2 60. Bc3 Nxh4 61. Bd2 Nf5 62. Bc1 Ne7 63. Ba3 Nd5 64. Kf3 Nc3 65. Ke3 Kd5 66. Bb2 Nd1+ 0-1

[Event "Lippe Cup-B 07th"]
[Site "Lieme"]
[Date "2010.10.16"]
[Round "2"]
[White "Mehsin, Yazan"]
[Black "Junker, Stefan"]
[Result "0-1"]
[WhiteElo "1542"]
[BlackElo "1687"]
[PlyCount "126"]
[EventDate "2010.10.15"]
[EventType "swiss"]
[EventRounds "5"]
[EventCountry "GER"]
[SourceTitle "EXT 2012"]
[Source "ChessBase"]
[SourceDate "2011.11.24"]
[SourceVersion "1"]
[SourceVersionDate "2011.11.24"]
[SourceQuality "1"]

1. e4 c6 2. d4 d5 3. Nc3 dxe4 4. Nxe4 Bf5 5. Ng3 Bg6 6. Nf3 Nd7 7. Be3 e6 8. Bc4 Bd6 9. 0-0 Qc7 10. Re1 0-0-0 11. a4 Nb6 12. Bb3 a6 13. c4 Bb4 14. Bd2 Bxd2 15. Qxd2 Nd7 16. a5 Ne7 17. Rad1 Nf6 18. d5 exd5 19. cxd5 Nexd5 20. Bxd5 Rxd5 21. Qb4 Qxa5 22. Qb3 Rhd8 23. Rxd5 Qxd5 24. Qb6 Nd7 25. Qe3 f6 26. h3 Re8 27. Qc3 Rxe1+ 28. Qxe1 Ne5 29. Qb4 Nxf3+ 30. gxf3 c5 31. Qg4+ Kc7 32. Qf4+ Qe5 33. Qa4 Qxb2 34. Qa5+ Qb6 35. Qe1 Qd6 36. Qa5+ Kb8 37. Qa2 Qc7 38. Qc4 b5 39. Qa2 Ka7 40. Qa3 Kb6 41. Qc3 b4 42. Qc4 Bf7 43. Qf4 Qe5 44. Qg4 Be6 45. Qxg7 Bxh3 46. Qxh7 Qe1+ 47. Kh2 Qxf2+ 48. Kxh3 Qxf3 49. Qd7 b3 50. Qd8+ Kb5 51. Qb8+ Kc4 52. Qg8+ Kc3 53. Qf8 c4 54. Qa3 f5 55. Qa1+ Kb4 56. Qe1+ c3 57. Qe7+ Ka4 58. Qd6 b2 59. Qxa6+ Kb3 60. Qb5+ Kc2 61. Qa4+ Kc1 62. Qa3 f4 63. Kh2 Qxg3+ 0-1

[Event "Lippe Cup-B 07th"]
[Site "Lieme"]
[Date "2010.10.15"]
[Round "1"]
[White "Junker, Stefan"]
[Black "Theurich, Joel"]
[Result "1-0"]
[WhiteElo "1687"]
[BlackElo "1408"]
[PlyCount "85"]
[EventDate "2010.10.15"]
[EventType "swiss"]
[EventRounds "5"]
[EventCountry "GER"]
[SourceTitle "EXT 2012"]
[Source "ChessBase"]
[SourceDate "2011.11.24"]
[SourceVersion "1"]
[SourceVersionDate "2011.11.24"]
[SourceQuality "1"]

1. e4 e5 2. Nf3 Nc6 3. Bb5 Nf6 4. d3 d6 5. c3 Bd7 6. 0-0 Be7 7. Re1 a6 8. Ba4 b5 9. Bc2 Bg4 10. h3 Bh5 11. d4 exd4 12. cxd4 Bxf3 13. gxf3 Nd7 14. e5 Nb6 15. Be4 d5 16. Bc2 Bg5 17. f4 Be7 18. Be3 Nc4 19. b3 Nxe3 20. fxe3 Qd7 21. Qg4 Qxg4+ 22. hxg4 0-0 23. Re2 Nb4 24. a3 Nxc2 25. Rxc2 Rac8 26. Rc6 a5 27. a4 bxa4 28. Rxa4 Bb4 29. Nc3 Rfd8 30. Na2 Rb8 31. Nxb4 Rxb4 32. Rxb4 axb4 33. Rxc7 Rb8 34. Rc5 Kf8 35. Rxd5 Ke7 36. Rc5 Kd7 37. d5 Rb7 38. Kf2 f6 39. exf6 gxf6 40. e4 Kd6 41. Rc6+ Ke7 42. Ke3 h6 43. e5 1-0

[Event "Enger Knappen Cup op-B"]
[Site "Enger"]
[Date "2009.12.30"]
[Round "7"]
[White "Junker, Stefan"]
[Black "Detert, Heinz"]
[Result "0-1"]
[WhiteElo "1812"]
[BlackElo "2021"]
[PlyCount "96"]
[EventDate "2009.12.27"]
[EventType "swiss"]
[EventRounds "7"]
[EventCountry "GER"]
[SourceTitle "EXT 2011"]
[Source "ChessBase"]
[SourceDate "2010.11.26"]
[SourceVersion "1"]
[SourceVersionDate "2010.11.26"]
[SourceQuality "1"]

1. e4 c5 2. Nf3 d6 3. c3 Nf6 4. h3 Nc6 5. Bd3 g6 6. 0-0 Bg7 7. Re1 0-0 8. Bc2 c4 9. b3 b5 10. a4 cxb3 11. Bxb3 b4 12. Bb2 Rb8 13. d4 Qb6 14. c4 Na5 15. e5 Nh5 16. Nbd2 Nf4 17. Ne4 Ba6 18. c5 dxc5 19. Nxc5 Bc8 20. Bc1 Nxb3 21. Qxb3 Ne6 22. Be3 Nxc5 23. dxc5 Qc7 24. Nd4 Bxe5 25. Nb5 Qb7 26. c6 Qxc6 27. Nxa7 Qc3 28. Rab1 Be6 29. Qxc3 Bxc3 30. Rec1 Ba2 31. Nc6 Rb7 32. Rxc3 Bxb1 33. Rb3 Bc2 34. Rb2 b3 35. a5 Rc7 36. Nd4 Ra8 37. Nb5 Rd7 38. Nd4 Rxd4 39. Bxd4 Rxa5 40. Kf1 Rd5 41. Bc3 Rd3 42. Ba5 Kf8 43. Ke2 Rd5 44. Bb4 Ke8 45. g3 Kd7 46. h4 f5 47. Ke3 e5 48. f3 e4 0-1

[Event "Enger Knappen Cup op-B"]
[Site "Enger"]
[Date "2009.12.29"]
[Round "5"]
[White "Junker, Stefan"]
[Black "Polenz, Frederik"]
[Result "1/2-1/2"]
[WhiteElo "1812"]
[BlackElo "1938"]
[PlyCount "29"]
[EventDate "2009.12.27"]
[EventType "swiss"]
[EventRounds "7"]
[EventCountry "GER"]
[SourceTitle "EXT 2011"]
[Source "ChessBase"]
[SourceDate "2010.11.26"]
[SourceVersion "1"]
[SourceVersionDate "2010.11.26"]
[SourceQuality "1"]

1. e4 d6 2. d4 Nf6 3. Bd3 e5 4. dxe5 dxe5 5. Nf3 Nbd7 6. Bg5 Be7 7. Nbd2 0-0 8. Nc4 c6 9. 0-0 Qc7 10. Ne3 Nc5 11. Nc4 Ncxe4 12. Bxe4 Nxe4 13. Bxe7 Qxe7 14. Ncxe5 Bf5 15. Qc1 1/2-1/2

[Event "Enger Knappen Cup op-B"]
[Site "Enger"]
[Date "2009.12.28"]
[Round "3"]
[White "Junker, Stefan"]
[Black "Altenbernd, Jannis Domenik"]
[Result "1/2-1/2"]
[WhiteElo "1812"]
[BlackElo "1836"]
[PlyCount "41"]
[EventDate "2009.12.27"]
[EventType "swiss"]
[EventRounds "7"]
[EventCountry "GER"]
[SourceTitle "EXT 2011"]
[Source "ChessBase"]
[SourceDate "2010.11.26"]
[SourceVersion "1"]
[SourceVersionDate "2010.11.26"]
[SourceQuality "1"]

1. e4 g6 2. f4 Bg7 3. Nf3 d6 4. d4 Nf6 5. Bd3 0-0 6. 0-0 c5 7. dxc5 dxc5 8. e5 Nd5 9. Be4 e6 10. c4 Ne7 11. Be3 Qc7 12. Nc3 Nf5 13. Bxf5 gxf5 14. Nb5 Qc6 15. Qd6 Qxd6 16. Nxd6 b6 17. Rad1 Ba6 18. Rd2 Nc6 19. Rfd1 Rad8 20. b3 f6 21. exf6 1/2-1/2

[Event "Lippe Cup 06th"]
[Site "Lieme"]
[Date "2009.10.18"]
[Round "4"]
[White "Liebelt, Jannik"]
[Black "Junker, Stefan"]
[Result "1/2-1/2"]
[WhiteElo "1510"]
[BlackElo "1670"]
[PlyCount "75"]
[EventDate "2009.10.16"]
[EventType "swiss"]
[EventRounds "5"]
[EventCountry "GER"]
[SourceTitle "EXT 2013"]
[Source "ChessBase"]
[SourceDate "2012.11.22"]
[SourceVersion "1"]
[SourceVersionDate "2012.11.22"]
[SourceQuality "1"]

1. d4 c6 2. c4 d5 3. Nc3 Nf6 4. Nf3 dxc4 5. a4 Bf5 6. e3 e6 7. Bxc4 Bb4 8. Bd2 Qa5 9. Qb3 Nbd7 10. 0-0 0-0 11. Rfd1 Bg4 12. Be2 Rac8 13. Ne4 Bxd2 14. Nexd2 b6 15. h3 Bh5 16. Qa3 c5 17. Nb3 Qb4 18. Qxb4 cxb4 19. Rac1 a5 20. Nbd2 Nd5 21. Bb5 Nb8 22. Rc4 Rxc4 23. Bxc4 Rc8 24. Bd3 Bg6 25. Bxg6 hxg6 26. Ne1 Kf8 27. Kf1 Rc6 28. Ke2 Nd7 29. Nb3 e5 30. dxe5 Nc3+ 31. bxc3 Rxc3 32. Rd3 Nxe5 33. Rxc3 bxc3 34. f4 Nc4 35. Nd3 Ke7 36. Nbc1 Nb2 37. Na2 Nxa4 38. Ne5 1/2-1/2

[Event "Dortmund op-B"]
[Site "Dortmund"]
[Date "2005.07.16"]
[Round "8"]
[White "Junker, Stefan"]
[Black "Fox, Jonas"]
[Result "1/2-1/2"]
[WhiteElo "1682"]
[BlackElo "1579"]
[PlyCount "75"]
[EventDate "2005.07.08"]
[EventType "swiss"]
[EventRounds "9"]
[EventCountry "GER"]
[SourceTitle "CBM 107 Extra"]
[Source "ChessBase"]
[SourceDate "2005.09.01"]
[SourceVersion "1"]
[SourceVersionDate "2005.09.01"]
[SourceQuality "1"]

1. e4 e6 2. d4 d5 3. exd5 exd5 4. Nf3 Bd6 5. Bd3 Nf6 6. 0-0 0-0 7. Re1 Be6 8. c3 c6 9. Qc2 h6 10. Nbd2 Nbd7 11. Ne5 Ng4 12. Ndf3 Qc7 13. Nxd7 Bxd7 14. g3 Rae8 15. Bd2 Rxe1+ 16. Rxe1 Re8 17. Rxe8+ Bxe8 18. Nh4 Bd7 19. Nf5 Bf8 20. Bf4 Qa5 21. b4 Qb6 22. h3 Nf6 23. Kh2 Nh5 24. Be3 Qc7 25. Qe2 Bxf5 26. Bxf5 Nf6 27. Bf4 Bd6 28. Bd2 Kf8 29. Kg2 Qe7 30. Qxe7+ Kxe7 31. Bd3 Ne4 32. Be1 Ke6 33. f3 Nf6 34. f4 Ne4 35. Kf3 f5 36. g4 g6 37. a3 b5 38. Bxe4 1/2-1/2